000 00940nam a2200241 u 4500
001 000609217
003 AM-YeHGA
005 20250618073016.0
008 081103s1938 ru a r 000 0 rus d
040 _aAM-YeHGA
041 1 _arus
_hger
100 1 _aРеглер, Густав
245 1 0 _aБлудный сын /
_cГ. Реглер ; Перевод с немецкого И.А. Горкина и И.А. Горкиной ; Послесл. Н. Гарина.
260 _aМосква :
_bХудожественная литература,
_c1938.
300 _a344 с., [1] л. илл.
440 0 _aВсемирная библиотека
534 _pОригинальная версия:
_tDer verlorene Sohn
_c1933
650 1 4 _aԳերմանական գրականություն
_95149
700 1 _aГоркин, И.А.
_4trl
700 1 _aГоркина, И.А
_4trl
700 1 _aГарин, Н.
_4aui
090 _c204682
999 _c203188
_d203188